| 000 | 01762nam a2200481 i 4500 | ||
|---|---|---|---|
| 001 | 768714001 | ||
| 003 | CO-MdFUSB | ||
| 005 | 20210831113818.0 | ||
| 007 | ta | ||
| 007 | cr aa aaaaa | ||
| 008 | 180509t2008 sp |||| |||| 00| 0 spa d | ||
| 020 |
_a9788482675466 _qimpreso |
||
| 020 |
_a9788482676258 _qelectrónico |
||
| 040 |
_aCO-MdFUSB _bspa _cCO-MdFUSB _dCO-MdFUSBC _erda |
||
| 041 |
_aspa _heng |
||
| 082 | 0 | 4 |
_223 _a230 _bE682t |
| 100 | 1 |
_aErickson, Millard J. _eautor |
|
| 245 | 0 |
_aTeología sistemática _c/ Millard J. Erickson _b[Físico y electrónico] |
|
| 250 | _asegunda edición | ||
| 264 | 1 |
_aBarcelona, España : _b CLIE, _c[2008] |
|
| 264 | 4 | _c© 2008 | |
| 300 |
_a1304 páginas. _c; 23 cm |
||
| 336 |
_2rdacontent _atexto _btxt |
||
| 337 |
_2rdamedia _asin mediación _bn |
||
| 337 |
_2rdamedia _ainformático _bc |
||
| 338 |
_2rdacarrier _avolumen _bnc |
||
| 338 |
_2rdacarrier _aremoto _bcr |
||
| 505 | _aEstudiar a Dios - Conocer a Dios - La humanidad - El pecado - La persona de Cristo - La obra de Cristo - El Espíritu Santo - La salvación - La iglesia - Las últimas cosas | ||
| 506 | _aPréstamo en biblioteca del libro físico | ||
| 506 | _aSolicitar clave y usuario para acceder al libro electrónico. | ||
| 506 | _aLibro multiusuario. | ||
| 563 | _aRústico | ||
| 650 | 0 |
_aTeología postmoderna _9504 |
|
| 650 | 7 |
_aDios _9178 |
|
| 650 | 7 |
_aPecado _9368 |
|
| 650 | 0 |
_aEspíritu Santo _950 |
|
| 650 | 7 |
_aCristología _9239 |
|
| 650 | 0 |
_aSalvación _948 |
|
| 856 |
_d2168328 _uhttp://search.ebscohost.com/login.aspx?direct=true&scope=site&db=nlebk&db=nlabk&AN=2168328 _zAbrir Versión electrónica del libro Teología sistemática |
||
| 942 | _cBK | ||
| 945 | _aJTF-925 | ||
| 999 |
_c42600 _d42600 |
||